Entropy generation through heat and fluid flow /

Guardado en:
Autor Principal: Bejan, Adrian, 1948-
Formato: Libro
Idioma:English
Publicado: New York : Wiley, 1982.
Materias:
Etiquetas: Agregar Etiqueta
Sin Etiquetas, Sea el primero en etiquetar este registro!
LEADER 00712pam a22002175a 4500
001 EIQ.libpla001266
008 820505s1982####nyua#####b####001#0#eng#d
005 20071218155024.0
245 1 0 |a Entropy generation through heat and fluid flow /  |c Adrian Bejan. 
260 |a New York :  |b Wiley,  |c 1982. 
300 |a xiv, 248 p. :  |b il. ;  |c 24 cm. 
500 |a "A Wiley-Interscience publication." 
504 |a Inclluye referencias bibliográficas e índice. 
020 |a 0471094382 
100 1 |a Bejan, Adrian,  |d 1948- 
082 0 0 |a 621.402/2  |2 19 
650 4 |a Calor  |x Transferencia. 
650 4 |a Heat  |x Transfer. 
010 |a  82008414  
040 |a DLC  |c DLC  |d AR-BbSID 
859 |a AR-BbSID  |b BIB. PLAPIQUI  |h 621.402 2  |i B 35  |p 2721